Top 50 Cities of North America - Map Quiz - Statistics

General Stats
  • This quiz has been taken 182 times
    181 since last reset
  • The average score is 40 of 50
Answers on the Map
Answers color-coded by a green-red scale on the quiz's map according to % correct below.
 
Answer Stats
Answer % Correct
Chicago
93%
Atlanta
92%
Los Angeles
90%
Mexico City
90%
New York City
90%
Boston
89%
Charlotte
87%
Miami
87%
Portland
87%
Houston
86%
Port-au-Prince
86%
San Francisco
86%
Vancouver
86%
Dallas
85%
Denver
85%
Havana
85%
Philadelphia
85%
Phoenix
85%
Seattle
85%
Detroit
84%
San Diego - Tijuana
84%
Orlando
83%
Washington D.C.
83%
Minneapolis
82%
Santo Domingo
82%
Austin
81%
Guatemala City
81%
Juárez - El Paso
81%
Las Vegas
81%
Sacramento
81%
San Salvador
81%
Guadalajara
80%
Montréal
80%
Kansas City
79%
Salt Lake City
79%
Tampa
79%
Indianapolis
78%
San Juan
78%
Toronto
78%
Pittsburgh
76%
St. Louis
76%
Monterrey
75%
San José
75%
Cleveland
73%
San Antonio
72%
Columbus
65%
León
65%
Puebla
63%
Cincinnati
61%
Toluca
36%
No matching quizzes found
Score Distribution
Percent of People with Each Score
Percentile by Number Answered
Your Score History
You have not taken this quiz since the last reset